DE IXHUATAN, MI TIERRA, A JERUSALEN, TIERRA DEL SEÑOR /

Gardado en:
Detalles Bibliográficos
Autor Principal: Henestrosa, Andrés (autor)
Formato: Libro
Series:MUNDO CONTEMPORANEO
Temas:
Etiquetas: Engadir etiqueta
Sen Etiquetas, Sexa o primeiro en etiquetar este rexistro!

MARC

LEADER 00000nam^a2200000^a^4500
001 000228858
005 20250521000000.0
009 20260310104338.99
035 |a 048926 
037 |a Acervo Xavier Clavigero 
082 |a 864.  |b HEN 
100 |a Henestrosa, Andrés  |e (autor) 
245 1 0 |a DE IXHUATAN, MI TIERRA, A JERUSALEN, TIERRA DEL SEÑOR /  |c ANDRES HENESTROSA 
264 |a MEXICO :  |b TRIBUNA,  |c 1976 
300 |a 109p. 
336 |a texto  |b txt  |2 rdacontenido 
337 |a sin mediación  |b n  |2 rdamedio 
338 |a volumen  |b nc  |2 rdasoporte 
440 |a MUNDO CONTEMPORANEO 
545 0 |a El escritor, lingüista, historiador y periodista Andrés Henestrosa (Ixhuatán, Oaxaca 1906-Ciudad de México, 2008), considerado como uno de los más importantes autores indigenistas, tuvo como lenguas maternas el zapoteca y el huave; fue hasta los quince años que aprendió el español, coincidiendo con su traslado a la ciudad de México para seguir sus estudios. Premio Internacional Alfonso Reyes, Medalla Belisario Domínguez, Premio Nacional de Ciencias y Artes, Premio Nacional de Periodismo son algunos de los reconocimientos más destacados obtenidos por el autor. Editó las revistas El Libro y el Pueblo y Las Letras Patrias. Entre sus libros se cuentan Los hombres que dispersó la danza; Retrato de mi madre; Los cuatro abuelos; Los caminos de Juárez; Divagario; Prosa presurosa; Agua del tiempo y Alacena de minucias. Preocupado por la sobrevivencia del zapoteco, fonetizó la lengua, la transcribió al alfabeto latino e hizo un breve diccionario zapoteca-castellano. Tanto en su obra escrita, como creador y como periodista, como en su labor académica y política, manifestó esta preocupación, junto con la del rescate del pasado y el conocimiento del presente de los indígenas, de quienes estudia y exalta la cultura. 
586 |a Premio Nacional de Ciencias y Artes, categoría Lingüística y Literatura (45°: 1994) 
649 |a XX 
650 |a Ensayos Mexicanos 
910 |a Fondo General 
920 |a Impresos - Libros 
930 |a Colección General 
940 |a Literatura 
905 |a 101 
901 |a 048926  |b IT1  |c LIT  |i 048926  |u 20250521 
902 |a https://opac.biblio.iteso.mx/vufind/Record/000228858